000 00769nam a2200205 a 4500
003 0
005 20250310150726.0
008 080730s19uu xx 00 eng d
050 _aPGS LB 3060.57
_b.K49 2008
100 _aKim, Ha Young.
245 _aThe test taking skills of ILC students in grades 7 to 10 /
_cHa Young Kim.
260 _aLas PiƱas City, Philippines :
_bSouthville International School and Colleges,
_c2008.
300 _a41 pages :
_billustrations ;
_c28 cm.
504 _aIncludes bibliographical references.
650 _aTest-taking skills.
650 _aStudy skills
_vSecondary students.
650 _aEducational tests and measurements
_vStudent performance.
650 _aExaminations
_vStudy and teaching.
942 _2lcc
_cPASS
999 _c98016
_d98016